Empowered Schools, Empowered Students: (Record no. 190484)

MARC details
000 -LEADER
fixed length control field 00621nam a22001817a 4500
005 - DATE AND TIME OF LATEST TRANSACTION
control field 20220726153723.0
010 ## - LCCN (DPL NO)
LC control number ENG-133983
020 ## - INTERNATIONAL STANDARD BOOK NUMBER
International Standard Book Number 9789352806072
Terms of availability 350.00
035 ## - SYSTEM CONTROL NUMBER
System control number EN-117515
037 ## - SOURCE OF ACQUISITION
Source of stock number/acquisition DBAD/PUB
082 ## - DEWEY DECIMAL CLASSIFICATION NUMBER
Classification number 371.956
100 ## - MAIN ENTRY--PERSONAL NAME
Personal name Ripp, Pernille
245 ## - TITLE STATEMENT
Title Empowered Schools, Empowered Students:
Remainder of title Creating Connected and Invested Learners/
Statement of responsibility, etc Pernille Ripp
260 ## - PUBLICATION, DISTRIBUTION, ETC. (IMPRINT)
Place of publication, distribution, etc New Delhi
Name of publisher, distributor, etc SAGE Publications India Pvt. Ltd.
Date of publication, distribution, etc 2015
270 ## - ADDRESS
City New Delhi
Address B1/I-1 Mohan Cooperative Industrial Area, Mathura Road
Postal code 110044
300 ## - PHYSICAL DESCRIPTION
Extent xi;64p.
Dimensions 21cm(pbk)
942 ## - ADDED ENTRY ELEMENTS (KOHA)
Source of classification or shelving scheme Dewey Decimal Classification
Item type English Books
Classification part 371.956
Call number suffix RIP
Holdings
Withdrawn status Lost status Not for loan Collection code Home library Current library Date acquired Source of acquisition Cost, normal purchase price Full call number Barcode Copy number Cost, replacement price Koha item type
      Non-fiction Bawana Bawana 26/07/2022 DBAD/PUB 350.00 371.956 RIP EN-117515 1 350.00 English Books

© Delhi Public Library
Hit Counter
free hit counter